Cities by Satellite #1 - Statistics

General Stats
  • This quiz has been taken 80,579 times
  • The average score is 8 of 15
Answer Stats
Picture Answer % Correct
Dubai
93%
London
85%
Venice
82%
Istanbul
67%
Amsterdam
64%
Rome
63%
Monaco
57%
Singapore
57%
Chicago
50%
Sydney
41%
Shanghai
40%
Boston
36%
Buenos Aires
29%
Montreal
29%
Detroit
28%
No matching quizzes found
Score Distribution
Percent of People with Each Score
Percentile by Number Answered
Your Score History
You have not taken this quiz